000 00471nam a22001817a 4500
003 koha_MIRAKIL
005 20231213100306.0
008 231213b |||||||| |||| 00| 0 ||| d
020 _b978-9-75475455-1
040 _aTR-IsEVY
_btur
_cTR-IsEVY
082 _a956 ŞAH/A
100 _aŞahin, Sevgi.
245 0 _aAtatürk'ü tanımak
260 _bSalan Yayınları,
_c2004
300 _a1 c.
650 _aAtatürk, Mustafa Kemal, -- 1881-1938.
942 _2ddc
_cBK
999 _c17633
_d17633